Loading...
| Science - Biology | 1 | 3 | 0 | 1 | 45 | 33 | 90.25 | 0 | 1 |
| Geography | 0 | 3 | 0 | 0 | 30 | 122 | 131.33 | 1 | 2 |
| History - World History | 0 | 2 | 0 | 1 | 20 | 109 | 124.00 | 0 | 2 |
| Fine Arts - Visual Fine Arts | 0 | 2 | 0 | 0 | 20 | 126 | 130.50 | 0 | 1 |
| History - American History | 0 | 2 | 0 | 0 | 20 | 90 | 93.00 | 0 | 1 |
| History - Ancient History | 0 | 2 | 0 | 1 | 20 | 100 | 110.00 | 0 | 1 |
| Current Events | 1 | 0 | 0 | 0 | 15 | 37 | 37.00 | 1 | 1 |
| Science - Other Science | 1 | 0 | 0 | 0 | 15 | 79 | 79.00 | 0 | 1 |
| Science - Physics | 0 | 2 | 1 | 1 | 15 | 114 | 121.50 | 0 | 0 |
| Fine Arts - Auditory Fine Arts | 0 | 1 | 0 | 0 | 10 | 119 | 119.00 | 0 | 0 |
| Other Academic | 0 | 1 | 0 | 0 | 10 | 122 | 122.00 | 0 | 0 |
| Philosophy | 0 | 1 | 0 | 1 | 10 | 146 | 146.00 | 0 | 0 |
| Science - Chemistry | 0 | 1 | 0 | 1 | 10 | 137 | 137.00 | 0 | 0 |
| Literature - British Literature | 0 | 1 | 0 | 0 | 10 | 86 | 86.00 | 1 | 1 |
| Mythology | 0 | 1 | 1 | 1 | 5 | 135 | 135.00 | 0 | 0 |
| History - European History | 0 | 0 | 1 | 0 | -5 | 0.00 | 0 | 0 |